000 00402nam a2200169Ia 4500
008 230524s9999 xx 000 0 und d
020 _a8121904331
082 _a330
_bAHU
100 _aH.L.Ahuja
245 0 _aMacroeconomics : Theory and Policy
250 _aIST
260 _aNEW DELHI
_bS.Chand
_c2008
300 _aIX;287
500 _aQuantity Number: 5
650 _aEconomics
942 _cBK
999 _c43885
_d43885